Cattle haempoparasites at anam preah commune, bakan district, pursat province, បរាសិតក្នុងឈាមគោ នៅឃុំស្នាមព្រះ ស្រុកបាកាន ខេត្តពោធិ៍សាត់ (Record no. 25806)

000 -LEADER
fixed length control field 00530nam a22001217a 4500
040 ## - CATALOGING SOURCE
Transcribing agency RUA
082 ## - DEWEY DECIMAL CLASSIFICATION NUMBER
Classification number AVM HOR 2025 B705 Or.1
100 ## - MAIN ENTRY--AUTHOR NAME
Personal name HORN SOCHEATA, ហ៊ន សុជាតា
245 ## - TITLE STATEMENT
Title Cattle haempoparasites at anam preah commune, bakan district, pursat province, បរាសិតក្នុងឈាមគោ នៅឃុំស្នាមព្រះ ស្រុកបាកាន ខេត្តពោធិ៍សាត់
260 ## - PUBLICATION, DISTRIBUTION, ETC. (IMPRINT)
Place of publication PHNOM PENH
Name of publisher RUA
Year of publication 2025
300 ## - PHYSICAL DESCRIPTION
Number of Pages ix,35p.
Other physical details ill.
Dimensions 29cm.
942 ## - ADDED ENTRY ELEMENTS (KOHA)
Koha item type AVM
952 ## - LOCATION AND ITEM INFORMATION (KOHA)
Withdrawn status [LOCAL, KOHA] 0
952 ## - LOCATION AND ITEM INFORMATION (KOHA)
Withdrawn status [LOCAL, KOHA] 0
Holdings
Permanent Location Date acquired Koha item type Lost status Shelving location Barcode Current Location Full call number
Library Block B2026-05-23AVM B705B712956Library Block BAVM HOR 2025 B705 Or.1
Library Block B2026-05-23AVM B705B712954Library Block DAVM HOR 2025 B705 Or.2
មជ្ឈមណ្ឌលឯការនៃសាកលវិទ្យាល័យភូមិន្ទកសិកម្មចំការដូង

Powered by Koha